Nová právna úprava investičných služieb

Od 1.1.2002 platí na Slovensku nový zákon č. 566/2001 Z.z. o cenných papieroch a investičných službách. Nové definície starých pojmov. Druhy zmlúv o cenných papieroch. Činnosť obchodníkov s cennými papiermi. Ako ďalej v regulácii finančného trhu.

Guardado en:
Detalles Bibliográficos
Autor principal: Mikovíny, Branislav
Formato: Capítulo de libro
Lenguaje:eslovaco
Materias:
Etiquetas: Agregar Etiqueta
Sin Etiquetas, Sea el primero en etiquetar este registro!

MARC

LEADER 00000naa a2200000 4500
001 r044804
005 20231002115542.1
041 0 |a slo 
044 |a SK 
245 1 0 |a Nová právna úprava investičných služieb  |c Branislav Mikovíny 
520 |a Od 1.1.2002 platí na Slovensku nový zákon č. 566/2001 Z.z. o cenných papieroch a investičných službách. Nové definície starých pojmov. Druhy zmlúv o cenných papieroch. Činnosť obchodníkov s cennými papiermi. Ako ďalej v regulácii finančného trhu. 
610 2 0 |a trh finančný 
610 2 0 |a trh kapitálový 
610 2 0 |a papiere cenné 
610 2 0 |a úpravy právne 
610 2 0 |a zákony 
610 2 0 |a novelizácia 
610 2 0 |a Slovensko 
100 1 |a Mikovíny, Branislav